| 000 | 00376nam a2200157Ia 4500 | ||
|---|---|---|---|
| 008 | 230312s9999||||xx |||||||||||||| ||und|| | ||
| 020 | _a0-19-480302-1 | ||
| 082 |
_a820 _bSHA-M |
||
| 100 | _aShakespeare;William | ||
| 245 | 0 | _aMerchant of Venice | |
| 260 |
_bOxford _aChina _c2014 |
||
| 300 | _a63 | ||
| 546 | _aEng. | ||
| 650 |
_aLiterature _vEnglish Literature |
||
| 942 | _cBK | ||
| 999 |
_c9382 _d9382 |
||